000 00308nam a2200133Ia 4500
005 20251222155210.0
008 251222s9999||||xx |||||||||||||| ||spa||
082 _aMEQ. 71
100 _aPOTTER Patty.
245 0 _aValoración Física
250 _a1ra. ed.
264 _bInteramericana S.A.
942 _cLIB
999 _c40273
_d40273